Statistics for The Avengers- you think you know the MCU

Click here to take the quiz!

General Stats

  • This quiz has been taken 44 times
  • The average score is 30 of 96

Answer Stats

HintAnswer% Correct
What is Thor’s brothers name?Loki
100%
How many children does Clint have?Three
84%
Where does Black Panther come from?Wakanda
72%
Who died for the Soul stone?Gamora / Natasha
68%
What is Wanda’s brothers name?Pietro
68%
What kind of radiation has cause Bruce Banner to turn into the Hulk?Gamma
64%
What is Gamora’s sisters name?Nebula
64%
What is Captain Marvel’s real name?Carol Danvers
60%
Who goes to get Bruce from India?Natasha
60%
Who cuts off Thanos’ head in the garden?Thor
60%
What comes out of StarLords gun when he tries to shoot Gamora?Bubbles
56%
What is Thor drinking when he smashes his glass demanding another?Coffee
56%
What is Jane’s assistants name?Darcy
56%
Who thinks he is invisible?Drax
56%
What color is the time stone?Green
56%
Which arm is the winter soldier missing?Left
56%
Where is Steve Rogers from?Brooklyn
52%
Who is Tony’s father?Howard Stark
52%
Who did Heimdahl send to Earth just before he died?Hulk
52%
In what state do Thor and Jane first meet?New Mexico
52%
Who is Peggy Carter’s niece?Sharon Carter
52%
Where does Hulk throw around Loki like a rag doll after calling him a “Puny God”?Stark Tower
52%
What color is the mind stone?Yellow
52%
What year did Iron Man come out?2008
44%
What store did Vers fall into when she crashed to Earth?Blockbuster
44%
What is Thor’s mothers name?Frigga
44%
What is the handle of Storm Breaker made of?Groot’s arm
44%
Who is Black Panther’s sister?Shuri
44%
What is Black Panther’s name?T’Challa
44%
Who swears, causing Captain America to say “Language”?Tony
44%
What is Cap’s shield made of?Vibranium
44%
Who voices Rocket?Bradley Cooper
40%
What type of aliens attack New York in the Avengers?Chitauri
40%
Who found Thor in space?Guardians of the Galaxy
40%
What is Captain America’s famous line?I can do this all day
40%
Who did Steve refer to as Natasha’s family?Them / the Avengers
40%
What is the city that Wanda takes over when grieving Vision?Westview
40%
Who makes Thanos bleed?Iron Man
36%
Where does the Collector live?Knowhere
36%
Who is the agent whom keeps trying to set a meeting with Pepper Pots?Phil Coulson
36%
How much does Morgan love Tony?3000
32%
How long was Loki falling for?30 minutes
32%
What is Scott’s daughters name?Cassie
32%
What organization took down SHIELD?Hydra
32%
Who was she raised by?Witches
32%
Who is Peter Quill in love with?Gamora
28%
What type of doctor is Doctor Strange?Neurosurgeon
28%
What movie does this villain appear in?Spider-Man, Homecoming
28%
What villain was created because the alter ego was fired from cleaning up New York after the Avengers?Vulture
28%
Who killed Tony’s parents?Winter Soldier
28%
How much credit does Tony give Pepper for the design of Stark Tower?12 %
24%
What type of necklace does Peter buy MJ?Black Dahlia
24%
Who says “Why is Gamora?”?Drax
24%
In the Avengers movie, who is sitting in the rafters watching?Hawkeye
24%
Who is Peter Parker’s best friend?Ned Leeds
24%
Which 2 agents of SHIELD are known to the world to be dead but are not?Nick Fury / Phil Coulson
24%
Who was the leader of Hydra in Captain America, the first avenger?Red Skull
24%
What is the glowing blue box?Tesseract
24%
Where was Thanos born?Titan
24%
In what war was Captain America frozen?World War 2 / World War II
24%
What are the names of Wanda’s children?Billy and Tommy / Tommy and Billy
20%
What was Hell the goddess of?Death
20%
What does Dr Strange keep the time stone in?The eye of agamotto
20%
Who voices Groot?Vin Diesel
20%
Who made the infinity gauntlet?Eitri
16%
What does Tony tell Howard his name is?Howard Potts
16%
Who takes off in the quinjet after Age of Ultron?Hulk
16%
What animal does Darrin shrink in Ant-Man?Lamb / Sheep
16%
What name does Natasha use in Iron Man 2?Natalie Rushman
16%
What is etched on the gift that Pepper gives Tony?Proof that Tony Stark has a heart
16%
What do the Avengers eat after defeating Loki in New York?Schwarma
16%
Who ends up taking Wanda’s children?Agatha
12%
Who said “She’s not alone”?Black Widow
12%
What was Peter Quill’s father?Celestial
12%
Who plays Loki in the play in Thor: RagnarokMatt Damon
12%
What does Thor call Rocket?Rabbit
12%
Who is the Grandmaster’s favorite scavenger?Valkyrie
12%
What is Thor’s alter ego?Donald Blake
8%
What is the boy’s name from Iron Man 3Harley
8%
Who do Falcon and the Winter Soldier not want to work with in the tv series?John Walker / Captain America
8%
Where is Loki really from?Jotenheim
8%
What does JARVIS stand for?Just a rather very intelligent system
8%
What is Thor’s hammers name?Mjolnor
8%
What do Tony and Nebula play to waste time in the dead aircraft?Paper Football
8%
What is Sam’s sister name?Sarah
8%
What is Goose?A flurken
4%
What are the warriors who guard Black Panther’s place called?Dora Milaji
4%
What symbol does Odin place on Thor’s hammer?Infinity
4%
What is Carol’s nickname for Monica?Lieutenant Trouble
4%
Who founded SWORD?Maria Rambeau
4%
Who can shape shift in Captain Marvel?Skrulls
4%
What does the boy from Iron Man 3 call Tony?The Mechanic
4%
Where does Peggy tell Steve to meet her?The Stork Club
4%
What does TVA stand for?Time Variance Authority
4%
What is the doctors name in Captain America, the first avenger?Dr. Erskine
0%
What allows the Avengers to time travel?Pim Particles
0%

Score Distribution

Percentile by Number Answered

Percent of People with Each Score

Your Score History

You have not taken this quiz